000
00219nam a22000857a 4500
008
170131b xxu||||| |||| 00| 0 eng d
100
_9
2706
_a
Kapoor.s
245
_a
Simply Vegitarien
260
_a
New Delhi
_b
Populare Press
_c
2005
999
_c
5867
_d
5867